[Event "CYCC U08 w"]
[Site "Richmond Hill CAN"]
[Date "2011.07.08"]
[Round "5"]
[White "Wong, Estella"]
[Black "Boucher, Myriam"]
[Result "1-0"]
[WhiteElo "849"]
[BlackElo "799"]
[PlyCount "69"]
[GameId "2160767909703862"]
[EventDate "2011.07.06"]
[EventType "swiss"]
[EventRounds "7"]
[EventCountry "CAN"]
[SourceTitle "EXT 2022"]
[Source "ChessBase"]
[SourceDate "2021.10.06"]
[SourceVersion "1"]
[SourceVersionDate "2021.10.06"]
[SourceQuality "1"]

1. d4 e6 2. c4 d5 3. cxd5 exd5 4. Nc3 Nf6 5. Bg5 Nc6 6. Nf3 Bb4 7. Rc1 O-O 8. e3 Bg4 9. Bd3 a5 10. O-O b6 11. a3 Bd6 12. h3 Be6 13. Re1 Bc8 14. Nxd5 Qd7 15. Bxf6 Qe8 16. Bb5 Bf5 17. Bxc6 Qb8 18. Bxa8 Qxa8 19. e4 c6 20. Be7 Re8 21. Bxd6 Bg6 22. Nc7 Qd8 23. Nxe8 Qxe8 24. Qc2 b5 25. Qxc6 Qxc6 26. Rxc6 h6 27. Nh4 Bh5 28. g4 Bxg4 29. hxg4 b4 30. axb4 axb4 31. Bxb4 g5 32. Nf3 f6 33. Rc7 f5 34. Ra1 fxe4 35. Ra8# 1-0

[Event "CYCC U08 w"]
[Site "Richmond Hill CAN"]
[Date "2011.07.08"]
[Round "6"]
[White "Eckert, Alixaendra"]
[Black "Henry, Nadia"]
[Result "0-1"]
[WhiteElo "465"]
[BlackElo "1375"]
[PlyCount "81"]
[GameId "2160767909703863"]
[EventDate "2011.07.06"]
[EventType "swiss"]
[EventRounds "7"]
[EventCountry "CAN"]
[SourceTitle "EXT 2022"]
[Source "ChessBase"]
[SourceDate "2021.10.06"]
[SourceVersion "1"]
[SourceVersionDate "2021.10.06"]
[SourceQuality "1"]

1. e4 e5 2. Nc3 Nf6 3. d3 Bb4 4. Bd2 O-O 5. Nf3 Nc6 6. Be2 d5 7. exd5 Nxd5 8. O-O Nxc3 9. Bxc3 Bxc3 10. bxc3 Bf5 11. d4 exd4 12. cxd4 Qd6 13. d5 Nb4 14. a3 Nxc2 15. Rc1 Nxa3 16. Nd4 Bg6 17. Ra1 a6 18. Bf3 Nb5 19. Nxb5 axb5 20. Rxa8 Rxa8 21. Re1 f6 22. Bg4 b4 23. Re2 f5 24. Rb2 fxg4 25. Rxb4 Qxb4 26. h3 gxh3 27. gxh3 c6 28. dxc6 bxc6 29. Kf1 c5 30. f4 Qxf4+ 31. Ke1 c4 32. h4 Qxh4+ 33. Kd2 Rd8+ 34. Kc1 Rxd1+ 35. Kxd1 Qh2 36. Kc1 Kf7 37. Kd1 c3 38. Kc1 Ke6 39. Kd1 Ke5 40. Kc1 Kd4 41. Kd1 0-1

[Event "CYCC U08 w"]
[Site "Richmond Hill CAN"]
[Date "2011.07.08"]
[Round "7"]
[White "Wong, Selena"]
[Black "Eckert, Alixaendra"]
[Result "1-0"]
[WhiteElo "861"]
[BlackElo "465"]
[PlyCount "40"]
[GameId "2160767909703864"]
[EventDate "2011.07.06"]
[EventType "swiss"]
[EventRounds "7"]
[EventCountry "CAN"]
[SourceTitle "EXT 2022"]
[Source "ChessBase"]
[SourceDate "2021.10.06"]
[SourceVersion "1"]
[SourceVersionDate "2021.10.06"]
[SourceQuality "1"]

1. d4 d5 2. c4 dxc4 3. e3 Nc6 4. Bxc4 Be6 5. Bxe6 fxe6 6. Nf3 g6 7. Qb3 Qd7 8. Qxb7 Rd8 9. O-O Rb8 10. Qa6 Qd6 11. Qe2 Bg7 12. Nc3 Bf6 13. Rd1 e5 14. dxe5 Bxe5 15. Rxd6 exd6 16. Nxe5 dxe5 17. f4 exf4 18. exf4+ Nce7 19. b3 Nf6 20. Ba3 Nd7 1-0

[Event "CYCC U08 w"]
[Site "Richmond Hill CAN"]
[Date "2011.07.08"]
[Round "7"]
[White "Zhang, Jeannie"]
[Black "Boucher, Myriam"]
[Result "1-0"]
[WhiteElo "998"]
[BlackElo "799"]
[PlyCount "37"]
[GameId "2160767909703865"]
[EventDate "2011.07.06"]
[EventType "swiss"]
[EventRounds "7"]
[EventCountry "CAN"]
[SourceTitle "EXT 2022"]
[Source "ChessBase"]
[SourceDate "2021.10.06"]
[SourceVersion "1"]
[SourceVersionDate "2021.10.06"]
[SourceQuality "1"]

1. e4 e5 2. Nf3 Nc6 3. Nc3 Nf6 4. Bc4 Bc5 5. O-O O-O 6. h3 Na5 7. Be2 Nc4 8. Bxc4 a5 9. a3 d6 10. d3 b6 11. Bg5 Qe8 12. Bxf6 gxf6 13. Qd2 a4 14. Qh6 b5 15. Bxb5 Qd8 16. Bxa4 Ba6 17. Nd5 c6 18. Nxf6+ Kh8 19. Qxh7# 1-0

[Event "CYCC U10"]
[Site "Richmond Hill CAN"]
[Date "2011.07.06"]
[Round "1"]
[White "Zotkin, Daniel"]
[Black "Huang, Immanuel"]
[Result "0-1"]
[WhiteElo "1649"]
[BlackElo "1119"]
[PlyCount "80"]
[GameId "2160767909703866"]
[EventDate "2011.07.06"]
[EventType "swiss"]
[EventRounds "7"]
[EventCountry "CAN"]
[SourceTitle "EXT 2022"]
[Source "ChessBase"]
[SourceDate "2021.10.06"]
[SourceVersion "1"]
[SourceVersionDate "2021.10.06"]
[SourceQuality "1"]

1. d4 d5 2. Nf3 Nc6 3. Bf4 e6 4. Nbd2 Bd6 5. Bxd6 Qxd6 6. e3 Nf6 7. c3 O-O 8. Bd3 h6 9. O-O e5 10. dxe5 Nxe5 11. Nxe5 Qxe5 12. Nf3 Qd6 13. Nd4 c5 14. Nc2 Ng4 15. g3 Ne5 16. c4 Qf6 17. f4 Nxd3 18. Qxd3 Bf5 19. Qb3 dxc4 20. Qxc4 Qxb2 21. e4 Be6 22. Qe2 b5 23. Rfb1 Bc4 24. Rxb2 Bxe2 25. Re1 Bd3 26. Re3 c4 27. Na3 c3 28. Rf2 Rfd8 29. Nc2 Bxc2 30. Rxc2 b4 31. e5 Rac8 32. Ree2 a5 33. f5 a4 34. e6 fxe6 35. fxe6 Re8 36. Re3 Rc6 37. e7 Rc7 38. a3 b3 39. Rexc3 Rxc3 40. Rxc3 b2 0-1

[Event "CYCC U10"]
[Site "Richmond Hill CAN"]
[Date "2011.07.06"]
[Round "2"]
[White "Byron, Reece"]
[Black "Boushy, Declan Paul"]
[Result "0-1"]
[WhiteElo "1242"]
[BlackElo "971"]
[PlyCount "68"]
[GameId "2160767909703867"]
[EventDate "2011.07.06"]
[EventType "swiss"]
[EventRounds "7"]
[EventCountry "CAN"]
[SourceTitle "EXT 2022"]
[Source "ChessBase"]
[SourceDate "2021.10.06"]
[SourceVersion "1"]
[SourceVersionDate "2021.10.06"]
[SourceQuality "1"]

1. e4 e5 2. Nf3 Nc6 3. Bc4 h6 4. O-O b6 5. b4 Nxb4 6. c3 Nc6 7. d4 Nf6 8. Re1 d5 9. Bb5 Bb7 10. Nbd2 Qd7 11. h3 O-O-O 12. dxe5 Nxe4 13. Nxe4 dxe4 14. Nd4 Qd5 15. Bf4 g5 16. Bg3 Nxd4 17. c4 Qc5 18. Rxe4 Nxb5 19. Qg4+ Kb8 20. cxb5 Bxe4 21. Qxe4 Qxb5 22. f4 gxf4 23. Qxf4 Qc5+ 24. Kh2 Bg7 25. Rc1 Qd5 26. e6 Ka8 27. Rxc7 Rc8 28. Rxf7 Rhg8 29. Qa4 a5 30. Qa3 Qxe6 31. Qf3+ Qc6 32. Qa3 Bf6 33. Be5 Bxe5+ 34. Kg1 Qxg2# 0-1

[Event "CYCC U10"]
[Site "Richmond Hill CAN"]
[Date "2011.07.06"]
[Round "2"]
[White "Huang, Immanuel"]
[Black "Yie, Kevin Yi Xiao"]
[Result "0-1"]
[WhiteElo "1119"]
[BlackElo "1536"]
[PlyCount "38"]
[GameId "2160767909703868"]
[EventDate "2011.07.06"]
[EventType "swiss"]
[EventRounds "7"]
[EventCountry "CAN"]
[SourceTitle "EXT 2022"]
[Source "ChessBase"]
[SourceDate "2021.10.06"]
[SourceVersion "1"]
[SourceVersionDate "2021.10.06"]
[SourceQuality "1"]

1. e4 e5 2. Nf3 Nc6 3. d4 exd4 4. Nxd4 Nf6 5. Nc3 Bb4 6. Nxc6 bxc6 7. Bd3 h6 8. O-O O-O 9. Be3 Re8 10. f3 d5 11. exd5 Rxe3 12. dxc6 Re8 13. Re1 Be6 14. Re3 Bc5 15. Qd2 Bf5 16. Rae1 Bxd3 17. cxd3 Qd4 18. Nd1 Nd5 19. Qf2 Nxe3 0-1

[Event "CYCC U10"]
[Site "Richmond Hill CAN"]
[Date "2011.07.06"]
[Round "2"]
[White "Zhu, Kaiyi"]
[Black "Zhan, Andrew"]
[Result "1-0"]
[WhiteElo "1029"]
[BlackElo "1003"]
[PlyCount "89"]
[GameId "2160767909703869"]
[EventDate "2011.07.06"]
[EventType "swiss"]
[EventRounds "7"]
[EventCountry "CAN"]
[SourceTitle "EXT 2022"]
[Source "ChessBase"]
[SourceDate "2021.10.06"]
[SourceVersion "1"]
[SourceVersionDate "2021.10.06"]
[SourceQuality "1"]

1. e4 e5 2. Nf3 Nc6 3. Nc3 Nf6 4. Bc4 d6 5. d3 Be7 6. Nd5 g6 7. Bh6 Ng4 8. Qd2 Nxh6 9. Qxh6 Bf8 10. Qg5 Qxg5 11. Nxg5 Nd4 12. O-O-O Be6 13. Nxc7+ Kd8 14. Nxa8 h6 15. Bxe6 hxg5 16. Bxf7 Ne2+ 17. Kb1 Nf4 18. g3 Nh5 19. Bxg6 Kc8 20. d4 exd4 21. e5 Kb8 22. Rxd4 Bg7 23. Rxd6 Bxe5 24. Rd5 Bf6 25. Rf5 Be7 26. Re1 Bd6 27. Bxh5 b6 28. Bf3 a5 29. Nxb6 Rxh2 30. Rf7 Rh8 31. Bc6 Bc7 32. Re8+ Rxe8 33. Bxe8 Bxb6 34. f4 gxf4 35. g4 f3 36. g5 f2 37. Bb5 Bd4 38. g6 Kc8 39. c4 Kb8 40. c5 Kc8 41. c6 Kb8 42. g7 Bxg7 43. Rxg7 a4 44. c7+ Kc8 45. Ba6# 1-0

[Event "CYCC U10"]
[Site "Richmond Hill CAN"]
[Date "2011.07.06"]
[Round "3"]
[White "Boushy, Declan Paul"]
[Black "Wang, Dinny"]
[Result "0-1"]
[WhiteElo "971"]
[BlackElo "1204"]
[PlyCount "72"]
[GameId "2160767909703870"]
[EventDate "2011.07.06"]
[EventType "swiss"]
[EventRounds "7"]
[EventCountry "CAN"]
[SourceTitle "EXT 2022"]
[Source "ChessBase"]
[SourceDate "2021.10.06"]
[SourceVersion "1"]
[SourceVersionDate "2021.10.06"]
[SourceQuality "1"]

1. d4 d5 2. Nf3 Nc6 3. Nc3 e6 4. e3 Nf6 5. Bd3 Be7 6. a3 O-O 7. O-O Bd7 8. Ne5 a6 9. e4 dxe4 10. Bxe4 Nxe4 11. Nxe4 f6 12. Nxd7 Qxd7 13. c3 Rad8 14. Be3 f5 15. Ng3 f4 16. Bxf4 Rxf4 17. Ne2 Rf7 18. Qc2 Rdf8 19. Ng3 e5 20. Qe4 exd4 21. cxd4 Nxd4 22. Rad1 c5 23. Ne2 Nxe2+ 24. Qxe2 Qc7 25. Rfe1 c4 26. Rc1 b5 27. b3 Bxa3 28. Rc2 c3 29. Rb1 Bd6 30. g3 b4 31. Qxa6 Bc5 32. Qc4 Bxf2+ 33. Rxf2 Qxc4 34. bxc4 Rxf2 35. Rxb4 c2 36. c5 c1=Q# 0-1

[Event "CYCC U10"]
[Site "Richmond Hill CAN"]
[Date "2011.07.06"]
[Round "3"]
[White "Jing, Ryan"]
[Black "Chertkow, Matthew"]
[Result "0-1"]
[WhiteElo "917"]
[BlackElo "817"]
[PlyCount "32"]
[GameId "2160767909703871"]
[EventDate "2011.07.06"]
[EventType "swiss"]
[EventRounds "7"]
[EventCountry "CAN"]
[SourceTitle "EXT 2022"]
[Source "ChessBase"]
[SourceDate "2021.10.06"]
[SourceVersion "1"]
[SourceVersionDate "2021.10.06"]
[SourceQuality "1"]

1. e4 e5 2. Nf3 Nc6 3. Bc4 Nf6 4. Nc3 Nxe4 5. Bxf7+ Kxf7 6. Nxe4 d5 7. Neg5+ Kg8 8. Qe2 Bd6 9. c4 Nb4 10. O-O Bf5 11. a3 Bd3 12. Qd1 Bxf1 13. Qxf1 e4 14. Nd4 Qxg5 15. d3 Qe5 16. Be3 Qxh2# 0-1

[Event "CYCC U10"]
[Site "Richmond Hill CAN"]
[Date "2011.07.06"]
[Round "3"]
[White "Zhan, Andrew"]
[Black "Wu, Mark"]
[Result "0-1"]
[WhiteElo "1003"]
[BlackElo "977"]
[PlyCount "74"]
[GameId "2160767909703872"]
[EventDate "2011.07.06"]
[EventType "swiss"]
[EventRounds "7"]
[EventCountry "CAN"]
[SourceTitle "EXT 2022"]
[Source "ChessBase"]
[SourceDate "2021.10.06"]
[SourceVersion "1"]
[SourceVersionDate "2021.10.06"]
[SourceQuality "1"]

1. e4 e5 2. Bc4 Nf6 3. Nc3 Bb4 4. d4 Nc6 5. Nf3 Nxe4 6. Bd2 Nxd2 7. Qxd2 exd4 8. Ng5 Bxc3 9. bxc3 dxc3 10. Qxc3 Qxg5 11. O-O O-O 12. Qh3 d5 13. Bd3 Bxh3 14. g3 Bxf1 15. Bxf1 h6 16. Rb1 Na5 17. h4 Qd2 18. Rb5 Rfe8 19. Rb1 Qxc2 20. Rb5 Re1 21. Rxd5 Qxa2 22. Rd7 c5 23. Rc7 c4 24. Rc5 Qa3 25. Rc7 c3 26. Kg2 Rxf1 27. Kxf1 Qb2 28. Kg2 c2 29. Kh3 c1=Q 30. Rxc1 Qxc1 31. g4 b5 32. g5 hxg5 33. hxg5 Qxg5 34. f4 Qg1 35. Kh4 b4 36. f5 f6 37. Kh5 Qg5# 0-1

[Event "CYCC U10"]
[Site "Richmond Hill CAN"]
[Date "2011.07.06"]
[Round "3"]
[White "Zhu, Kaiyi"]
[Black "Shamroni, Dennis"]
[Result "1/2-1/2"]
[WhiteElo "1029"]
[BlackElo "1210"]
[PlyCount "69"]
[GameId "2160767909703873"]
[EventDate "2011.07.06"]
[EventType "swiss"]
[EventRounds "7"]
[EventCountry "CAN"]
[SourceTitle "EXT 2022"]
[Source "ChessBase"]
[SourceDate "2021.10.06"]
[SourceVersion "1"]
[SourceVersionDate "2021.10.06"]
[SourceQuality "1"]

1. e4 e5 2. Nf3 Nc6 3. Nc3 Nf6 4. Bc4 Nxe4 5. Nxe4 d5 6. Qe2 dxc4 7. Qxc4 Be6 8. Qb5 Qd5 9. Nc3 Qxb5 10. Nxb5 O-O-O 11. d3 a6 12. Nc3 Bb4 13. Bd2 Nd4 14. O-O-O Bg4 15. h3 Bxf3 16. gxf3 Nxf3 17. Ne4 Nxd2 18. Nxd2 Bxd2+ 19. Rxd2 Rd4 20. Rg1 g6 21. Rg4 Rxg4 22. hxg4 Re8 23. f3 Re6 24. Rh2 Rf6 25. Rh3 Kd7 26. Kd2 Ke7 27. Ke3 Rb6 28. b3 Rc6 29. c4 b5 30. Rxh7 bxc4 31. dxc4 Ke6 32. Ke4 a5 33. Rh8 f5+ 34. gxf5+ gxf5+ 35. Ke3 1/2-1/2

[Event "CYCC U10"]
[Site "Richmond Hill CAN"]
[Date "2011.07.07"]
[Round "4"]
[White "Lu, Leo"]
[Black "Boushy, Declan Paul"]
[Result "0-1"]
[WhiteElo "1040"]
[BlackElo "971"]
[PlyCount "94"]
[GameId "2160767909703874"]
[EventDate "2011.07.06"]
[EventType "swiss"]
[EventRounds "7"]
[EventCountry "CAN"]
[SourceTitle "EXT 2022"]
[Source "ChessBase"]
[SourceDate "2021.10.06"]
[SourceVersion "1"]
[SourceVersionDate "2021.10.06"]
[SourceQuality "1"]

1. e4 e5 2. Nf3 Nc6 3. Bd3 Bc5 4. O-O d6 5. Ne1 Qg5 6. Bc4 Bh3 7. Qf3 Bg4 8. Qxf7+ Kd8 9. Qf8+ Kd7 10. Qxa8 Bh3 11. g3 Na5 12. b3 h6 13. Nf3 Qg6 14. Bb5+ c6 15. Nh4 Qh7 16. Be2 Nf6 17. d3 Rxa8 18. Rd1 Bd4 19. c3 Bb6 20. b4 Bg4 21. Bxg4+ Nxg4 22. Kg2 Nxf2 23. Rf1 Nxd3 24. Rf7+ Ke6 25. Rf1 Nxc1 26. Rxc1 Nc4 27. a4 a5 28. Kf3 d5 29. Re1 axb4 30. cxb4 Bd4 31. Ra2 Nd6 32. Nd2 Bc3 33. exd5+ cxd5 34. Nb3 Bxe1 35. Nc5+ Ke7 36. Re2 Bxb4 37. Rxe5+ Kf6 38. Nd3 Qxd3+ 39. Re3 Qd1+ 40. Kf2 Bc5 41. Ng2 Bxe3+ 42. Nxe3 Qd2+ 43. Kf3 Qd3 44. Kf2 Rxa4 45. Ng4+ Kg5 46. Ne5 Ra2+ 47. Ke1 Qe2# 0-1

[Event "CYCC U10"]
[Site "Richmond Hill CAN"]
[Date "2011.07.07"]
[Round "4"]
[White "Shamroni, Dennis"]
[Black "Chertkow, Matthew"]
[Result "1-0"]
[WhiteElo "1210"]
[BlackElo "817"]
[PlyCount "51"]
[GameId "2160767909703875"]
[EventDate "2011.07.06"]
[EventType "swiss"]
[EventRounds "7"]
[EventCountry "CAN"]
[SourceTitle "EXT 2022"]
[Source "ChessBase"]
[SourceDate "2021.10.06"]
[SourceVersion "1"]
[SourceVersionDate "2021.10.06"]
[SourceQuality "1"]

1. e4 e5 2. Nf3 Nc6 3. d4 d5 4. dxe5 dxe4 5. Qxd8+ Kxd8 6. Ng5 Ke8 7. Nxe4 Nb4 8. Bd3 Be6 9. a3 Nc6 10. Bf4 Nh6 11. O-O Rg8 12. Ng5 Bd5 13. Bxh7 Rh8 14. Be4 Bxe4 15. Nxe4 Ng4 16. Nbc3 Nd4 17. h3 Nxc2 18. Rac1 Nd4 19. hxg4 b5 20. Be3 Rd8 21. Bxd4 Rxd4 22. Rfd1 Rc4 23. Ng3 Rxg4 24. Nxb5 Rgh4 25. Nxc7+ Ke7 26. Nf5# 1-0

[Event "CYCC U10"]
[Site "Richmond Hill CAN"]
[Date "2011.07.07"]
[Round "4"]
[White "Tang, David"]
[Black "Moghtader, Amirhossein"]
[Result "0-1"]
[WhiteElo "1205"]
[BlackElo "1085"]
[PlyCount "76"]
[GameId "2160767909703876"]
[EventDate "2011.07.06"]
[EventType "swiss"]
[EventRounds "7"]
[EventCountry "CAN"]
[SourceTitle "EXT 2022"]
[Source "ChessBase"]
[SourceDate "2021.10.06"]
[SourceVersion "1"]
[SourceVersionDate "2021.10.06"]
[SourceQuality "1"]

1. e4 e5 2. Nf3 Nc6 3. Bc4 Bc5 4. Nc3 Nf6 5. h3 d6 6. Ng5 O-O 7. Nxf7 Rxf7 8. Bxf7+ Kxf7 9. d3 h6 10. Na4 Bb6 11. Nxb6 axb6 12. O-O Kg8 13. c3 Qe8 14. Qc2 Qg6 15. f4 Bxh3 16. f5 Qf7 17. gxh3 Kh8 18. a3 d5 19. b4 dxe4 20. d4 exd4 21. cxd4 Nxd4 22. Bxh6 gxh6 23. Qd2 Nf3+ 24. Rxf3 exf3 25. Qxh6+ Nh7 26. Qf4 Rg8+ 27. Kf2 Qf6 28. Qxf3 Qxa1 29. Ke2 Re8+ 30. Kd3 Qxa3+ 31. Kc4 Qxf3 32. h4 Qf4+ 33. Kd5 Qxf5+ 34. Kc4 Re4+ 35. Kb3 b5 36. Kc2 Qf3 37. Kd2 Re2+ 38. Kd1 Qf1# 0-1

[Event "CYCC U10"]
[Site "Richmond Hill CAN"]
[Date "2011.07.07"]
[Round "4"]
[White "Zhan, Andrew"]
[Black "Wang, Yichuan"]
[Result "0-1"]
[WhiteElo "1003"]
[BlackElo "1116"]
[PlyCount "52"]
[GameId "2160767909703877"]
[EventDate "2011.07.06"]
[EventType "swiss"]
[EventRounds "7"]
[EventCountry "CAN"]
[SourceTitle "EXT 2022"]
[Source "ChessBase"]
[SourceDate "2021.10.06"]
[SourceVersion "1"]
[SourceVersionDate "2021.10.06"]
[SourceQuality "1"]

1. e4 c5 2. Bc4 Nc6 3. Qf3 e6 4. Nh3 Nf6 5. Ng5 h6 6. Nh3 Nd4 7. Qc3 d5 8. exd5 exd5 9. Bb5+ Nxb5 10. Qe3+ Be7 11. Nc3 Nxc3 12. bxc3 Bxh3 13. gxh3 O-O 14. Ba3 Re8 15. O-O-O Qa5 16. Bb2 Qxa2 17. Rde1 c4 18. d3 Ne4 19. dxe4 Bg5 20. f4 Rxe4 21. Qd4 Rxd4 22. cxd4 Qxb2+ 23. Kd1 Bxf4 24. Rhf1 Qc1+ 25. Ke2 Qe3+ 26. Kd1 Qd2# 0-1

[Event "CYCC U10"]
[Site "Richmond Hill CAN"]
[Date "2011.07.08"]
[Round "5"]
[White "Boushy, Declan Paul"]
[Black "Sekar, Varun"]
[Result "0-1"]
[WhiteElo "971"]
[BlackElo "1166"]
[PlyCount "94"]
[GameId "2160767909703878"]
[EventDate "2011.07.06"]
[EventType "swiss"]
[EventRounds "7"]
[EventCountry "CAN"]
[SourceTitle "EXT 2022"]
[Source "ChessBase"]
[SourceDate "2021.10.06"]
[SourceVersion "1"]
[SourceVersionDate "2021.10.06"]
[SourceQuality "1"]

1. d4 d5 2. Nf3 Nc6 3. Nc3 Nf6 4. e3 Bg4 5. h3 Bh5 6. Bd3 e5 7. dxe5 Nxe5 8. g4 Nxf3+ 9. Qxf3 Bg6 10. Bxg6 hxg6 11. g5 Nh7 12. e4 d4 13. Nd1 Nxg5 14. Bxg5 Qxg5 15. c3 dxc3 16. Qxc3 Qe7 17. f3 Qb4 18. a3 Qxc3+ 19. Nxc3 O-O-O 20. Nd1 Rd3 21. Nc3 Rxf3 22. Rd1 b6 23. a4 Bb4 24. Rh2 Bxc3+ 25. bxc3 Rxc3 26. Rhd2 Rc4 27. a5 Rxe4+ 28. Kf2 bxa5 29. Rb1 Rhe8 30. h4 Rxh4 31. Ra1 Rh2+ 32. Kf3 Rxd2 33. Rxa5 Kb8 34. Ra4 Rd3+ 35. Kf4 f5 36. Rb4+ Kc8 37. Ra4 Re4+ 38. Rxe4 fxe4 39. Kxe4 Rb3 40. Ke5 a5 41. Ke6 a4 42. Kf7 a3 43. Kxg7 a2 44. Kxg6 a1=Q 45. Kh5 Rg3 46. Kh4 Rg8 47. Kh3 Qh8# 0-1

[Event "CYCC U10"]
[Site "Richmond Hill CAN"]
[Date "2011.07.08"]
[Round "5"]
[White "Luong, Brian"]
[Black "Zhan, Andrew"]
[Result "0-1"]
[WhiteElo "895"]
[BlackElo "1003"]
[PlyCount "56"]
[GameId "2160767909703879"]
[EventDate "2011.07.06"]
[EventType "swiss"]
[EventRounds "7"]
[EventCountry "CAN"]
[SourceTitle "EXT 2022"]
[Source "ChessBase"]
[SourceDate "2021.10.06"]
[SourceVersion "1"]
[SourceVersionDate "2021.10.06"]
[SourceQuality "1"]

1. e3 d6 2. d3 e5 3. Be2 Nc6 4. Bd2 Be6 5. Nf3 Qe7 6. Nc3 O-O-O 7. O-O Nh6 8. h4 f6 9. e4 Ng8 10. Be3 g6 11. d4 Bh6 12. Ng5 fxg5 13. dxe5 dxe5 14. Qe1 gxh4 15. g3 hxg3 16. fxg3 Bxe3+ 17. Kh1 Bh3 18. Nd5 Rxd5 19. exd5 Bxf1 20. Qxf1 Nd4 21. Rd1 Nf5 22. d6 cxd6 23. Rd3 Nxg3+ 24. Kg2 Nxf1 25. Kxf1 Qf6+ 26. Ke1 Qf2+ 27. Kd1 Qg1+ 28. Bf1 Qxf1# 0-1

[Event "CYCC U10"]
[Site "Richmond Hill CAN"]
[Date "2011.07.08"]
[Round "5"]
[White "Wu, Mark"]
[Black "Tang, David"]
[Result "0-1"]
[WhiteElo "977"]
[BlackElo "1205"]
[PlyCount "144"]
[GameId "2160767909703880"]
[EventDate "2011.07.06"]
[EventType "swiss"]
[EventRounds "7"]
[EventCountry "CAN"]
[SourceTitle "EXT 2022"]
[Source "ChessBase"]
[SourceDate "2021.10.06"]
[SourceVersion "1"]
[SourceVersionDate "2021.10.06"]
[SourceQuality "1"]

1. e4 e5 2. Nf3 Nc6 3. Bb5 d6 4. Bxc6+ bxc6 5. h3 Be7 6. O-O Nf6 7. Nc3 h6 8. d4 exd4 9. Nxd4 Ba6 10. Re1 Bb7 11. Qf3 O-O 12. Qg3 Kh8 13. Nf5 Rg8 14. Nxe7 Qxe7 15. e5 Nh7 16. b3 Rae8 17. f4 g5 18. e6 f6 19. Bb2 Rg7 20. Ne4 d5 21. Bxf6 Nxf6 22. Nxf6 Qxf6 23. fxg5 Qxg5 24. Qxg5 Rxg5 25. e7 Rg7 26. Re6 Kh7 27. Rae1 c5 28. c3 d4 29. cxd4 cxd4 30. Kf2 Rxg2+ 31. Kf1 Rxa2 32. Rd1 Ra6 33. Rxa6 Bxa6+ 34. Kf2 d3 35. Ke3 Rxe7+ 36. Kd4 d2 37. Rxd2 Rd7+ 38. Kc3 Rxd2 39. Kxd2 Kg6 40. Ke3 Kg5 41. Kf3 Kh4 42. Kg2 Bc8 43. Kf3 Bxh3 44. Ke4 Bf1 45. Kd5 Bb5 46. Kc5 c6 47. Kd4 Kg4 48. Ke3 c5 49. Kd2 Kf3 50. Ke1 Kg2 51. b4 h5 52. bxc5 h4 53. c6 Bxc6 54. Ke2 h3 55. Kd3 h2 56. Ke2 h1=Q 57. Kd2 Qh6+ 58. Ke2 Qf4 59. Kd3 Qe4+ 60. Kc3 Qd5 61. Kb4 Qd1 62. Kc5 Qd5+ 63. Kb4 Qd4+ 64. Kb3 Ba4+ 65. Ka3 Qc4 66. Kb2 Be8 67. Ka3 Qb5 68. Ka2 Kf2 69. Ka3 Ke2 70. Ka2 Kd2 71. Ka3 Kc2 72. Ka2 Qb2# 0-1

[Event "CYCC U10"]
[Site "Richmond Hill CAN"]
[Date "2011.07.08"]
[Round "5"]
[White "Zhao, Harry"]
[Black "Shamroni, Dennis"]
[Result "0-1"]
[WhiteElo "1350"]
[BlackElo "1210"]
[PlyCount "92"]
[GameId "2160767909703881"]
[EventDate "2011.07.06"]
[EventType "swiss"]
[EventRounds "7"]
[EventCountry "CAN"]
[SourceTitle "EXT 2022"]
[Source "ChessBase"]
[SourceDate "2021.10.06"]
[SourceVersion "1"]
[SourceVersionDate "2021.10.06"]
[SourceQuality "1"]

1. d4 Nf6 2. c4 e6 3. Nc3 Bb4 4. Qc2 O-O 5. Nf3 d5 6. e3 Bxc3+ 7. bxc3 b6 8. cxd5 exd5 9. Bd3 Ba6 10. Bxa6 Nxa6 11. Qd3 Nb8 12. O-O Re8 13. h3 Nbd7 14. Ba3 Ne4 15. Nd2 Nxd2 16. Qxd2 Rc8 17. Rfc1 c5 18. Qe2 c4 19. Bd6 Re6 20. Bg3 Rg6 21. a4 Nf6 22. Bh4 Qd7 23. Qf3 Ne4 24. Rc2 Ng5 25. Qh5 Qf5 26. Qe2 Nf3+ 27. Kf1 Nxh4 28. Ke1 Nxg2+ 29. Kd2 Nh4 30. Kc1 Rg1+ 31. Kb2 Rxa1 32. Kxa1 Qxh3 33. Qh5 Qf1+ 34. Kb2 Ng6 35. Qxd5 Qh3 36. Qb7 Qe6 37. d5 Qe8 38. d6 Qc6 39. Qa6 Rd8 40. Qxa7 Qxd6 41. Qb7 h5 42. Qg2 h4 43. Rc1 Qe6 44. Rh1 Qf5 45. e4 Rd2+ 46. Ka3 Qc5# 0-1

[Event "CYCC U10"]
[Site "Richmond Hill CAN"]
[Date "2011.07.08"]
[Round "6"]
[White "Gugel, Brett"]
[Black "Tang, David"]
[Result "1-0"]
[WhiteElo "1443"]
[BlackElo "1205"]
[PlyCount "91"]
[GameId "2160767909703882"]
[EventDate "2011.07.06"]
[EventType "swiss"]
[EventRounds "7"]
[EventCountry "CAN"]
[SourceTitle "EXT 2022"]
[Source "ChessBase"]
[SourceDate "2021.10.06"]
[SourceVersion "1"]
[SourceVersionDate "2021.10.06"]
[SourceQuality "1"]

1. e4 c5 2. Nf3 d6 3. d4 cxd4 4. Nxd4 Nf6 5. Nc3 g6 6. f3 Bg7 7. Be3 Nbd7 8. Bb5 a6 9. Ba4 O-O 10. Qd2 Re8 11. O-O-O e6 12. g4 Re7 13. h4 Nc5 14. h5 Qa5 15. Nb3 Nxb3+ 16. Bxb3 Ne8 17. Bd4 e5 18. Be3 Be6 19. Bxe6 Rxe6 20. Bh6 Bh8 21. Qh2 f5 22. gxf5 gxf5 23. Qg3+ Kf7 24. Qg5 Nf6 25. exf5 Ree8 26. Rxd6 Rg8 27. Qe3 Ne8 28. Rd7+ Kf6 29. Qe4 Qc5 30. Nd5+ Qxd5 31. Qxd5 Kxf5 32. Rf7+ Nf6 33. Re1 Rae8 34. Qe4+ Ke6 35. Qxe5+ Kxf7 36. Qc7+ Nd7 37. Qxd7+ Kf6 38. Rxe8 Rxe8 39. Qxe8 Kf5 40. Kd2 Bxb2 41. Ke3 Be5 42. f4 Bxf4+ 43. Bxf4 b5 44. Qe5+ Kg4 45. Qg5+ Kh3 46. Qg3# 1-0